000 00452nam a2200205Ia 4500
001 14473
003 GE_BSU
008 181216s||||||||xx |||||||||||||| ||und||
020 _a9780141323053
040 _cGE_BSU
080 _a82-93
100 _aDahl,Roald
245 _aGeorge's Marvelous Medicine
260 _aLondon
260 _bPuffin
260 _c2007
300 _a127p.ill.20cm.
653 _aGeorge's Marvelous Medicine
942 _cBK
999 _c47604
_d47604